Computational probabilistic methods : presented at the Joint ASME/SES Applied Mechanics and Engineering Sciences Conference, Berkeley, California, June 20-22, 1988 /

Bibliographic Details
Corporate Authors: Joint ASME/SES Applied Mechanics and Engineering Sciences Conference Berkeley, Calif., American Society of Mechanical Engineers. Applied Mechanics Division
Other Authors: Liu, W. K. (Wing Kam)
Format: Conference Proceeding Book
Language:English
Published: New York, N.Y. : The American Society of Mechanical Engineers, [1988]
Series:AMD (Series) ; vol. 93.
Subjects:

MARC

Tag First Indicator Second Indicator Subfields
LEADER 00000cam a2200000 a 4500
001 in00000035273
005 20151007055342.0
008 880711s1988 nyua b 10010 eng d
010 |a  88071018  
035 |a (OCoLC)18196792 
035 |9 AAB7980AM 
040 |a TXA  |c TXA  |d RCE  |d TXA  |d UtOrBLW 
049 |a TXAM  |c [A11115386] 
050 4 |a QA273.A1  |b J64 1988 
111 2 |a Joint ASME/SES Applied Mechanics and Engineering Sciences Conference  |d (1988 :  |c Berkeley, Calif.) 
245 1 0 |a Computational probabilistic methods :  |b presented at the Joint ASME/SES Applied Mechanics and Engineering Sciences Conference, Berkeley, California, June 20-22, 1988 /  |c sponsored by the Applied Mechanics Divisiion, ASME ; edited by Wing Kam Liu [and others]. 
264 1 |a New York, N.Y. :  |b The American Society of Mechanical Engineers,  |c [1988] 
264 4 |c ©1988 
300 |a v, 210 pages :  |b illustrations ;  |c 26 cm. 
336 |a text  |b txt  |2 rdacontent 
337 |a unmediated  |b n  |2 rdamedia 
338 |a volume  |b nc  |2 rdacarrier 
490 1 |a AMD ;  |v vol. 93 
504 |a Includes bibliographies. 
650 0 |a Probabilities  |v Congresses. 
650 0 |a Mathematical statistics  |v Congresses. 
650 0 |a Engineering mathematics  |v Congresses. 
700 1 |a Liu, W. K.  |q (Wing Kam) 
710 2 |a American Society of Mechanical Engineers.  |b Applied Mechanics Division. 
830 0 |a AMD (Series) ;  |v vol. 93. 
999 |a MARS 
999 f f |s 91ee694f-a3a1-3e73-874e-32a96db7baf6  |i b44f71cf-e336-3728-b060-da1d8ac93256  |t 0 
952 f f |p ric  |a Texas A&M University  |b Rellis Campus  |c Joint Library Facility  |d Remote Storage  |t 0  |e QA273.A1 J64 1988  |h Library of Congress classification  |i unmediated -- volume  |m A14811115386 
998 f f |a QA273.A1 J64 1988  |t 0  |l Remote Storage